Pasajes y estampas del descubrimiento (Record no. 1983)
[ view plain ]
| 000 -CABECERA | |
|---|---|
| campo de control de longitud fija | 01025nam a2200253 a 4500 |
| 001 - NÚMERO DE CONTROL | |
| campo de control | BRCA_2231 |
| 005 - FECHA Y HORA DE LA ÚLTIMA TRANSACCIÓN | |
| campo de control | 20190320203725.0 |
| 008 - DATOS DE LONGITUD FIJA--INFORMACIÓN GENERAL | |
| campo de control de longitud fija | 930720s1991 mx a b 000 0 spa |
| 020 ## - NÚMERO INTERNACIONAL ESTÁNDAR DEL LIBRO | |
| Número Internacional Estándar del Libro | 9684999046 |
| 040 ## - FUENTE DE LA CATALOGACIÓN | |
| Centro catalogador/agencia de origen | DLC |
| Centro/agencia transcriptor | DLC |
| 050 #4 - SIGNATURA TOPOGRÁFICA DE LA BIBLIOTECA DEL CONGRESO | |
| Número de clasificación | E101 |
| Número de documento/Ítem | .P37 1991 |
| 245 10 - MENCIÓN DE TÍTULO | |
| Título | Pasajes y estampas del descubrimiento |
| Resto del título | 25 grabados y recopilaciones |
| Mención de responsabilidad, etc. | Patricia Quintana Oliver ; Gilberto Guerrero Sánchez ; Luis de la Torre Ruiz ; Francisco Baños Urquijo ; Gerardo Noriega Rivero |
| 260 ## - PUBLICACIÓN, DISTRIBUCIÓN, ETC. | |
| Lugar de publicación, distribución, etc. | México |
| Nombre del editor, distribuidor, etc. | Empresario |
| Fecha de publicación, distribución, etc. | 1991. |
| 300 ## - DESCRIPCIÓN FÍSICA | |
| Extensión | 71 p. |
| Otras características físicas | il. |
| Dimensiones | 32 cm. |
| Material acompañante/anejo | 1 invitación |
| 500 ## - NOTA GENERAL | |
| Nota general | Catálogo de la exposición realizada en el Museo Franz Mayer (Ciudad de México) |
| 504 ## - NOTA DE BIBLIOGRAFÍA, ETC. | |
| Nota de bibliografía, etc. | Incluye referencias bibliográficas. |
| 650 14 - PUNTO DE ACCESO ADICIONAL DE MATERIA--TÉRMINO DE MATERIA | |
| Término de materia o nombre geográfico como elemento de entrada | América |
| Subdivisión de forma | Descubrimiento y exploración |
| 9 (RLIN) | 6711 |
| 650 14 - PUNTO DE ACCESO ADICIONAL DE MATERIA--TÉRMINO DE MATERIA | |
| Término de materia o nombre geográfico como elemento de entrada | Cronistas novohispanos |
| Subdivisión cronológica | Siglo XVI |
| 9 (RLIN) | 6712 |
| 700 1# - PUNTO DE ACCESO ADICIONAL--NOMBRE DE PERSONA | |
| Nombre de persona | Quintana Oliver, Patricia |
| 9 (RLIN) | 6713 |
| 700 1# - PUNTO DE ACCESO ADICIONAL--NOMBRE DE PERSONA | |
| Nombre de persona | Guerrero Sánchez, Gilberto |
| 9 (RLIN) | 6714 |
| 700 1# - PUNTO DE ACCESO ADICIONAL--NOMBRE DE PERSONA | |
| Nombre de persona | Torre, Luis de la |
| 9 (RLIN) | 6715 |
| 700 1# - PUNTO DE ACCESO ADICIONAL--NOMBRE DE PERSONA | |
| Nombre de persona | Baños Urquijo, Francisco |
| 9 (RLIN) | 3881 |
| 942 ## - ELEMENTOS DE PUNTO DE ACCESO ADICIONAL (KOHA) | |
| Fuente del sistema de clasificación o colocación | Library of Congress Classification |
| Tipo de ítem Koha | Libros |
| Estado de retiro | Estado de pérdida | Estado dañado | No para préstamo | Localización permanente | Ubicación/localización actual | Fecha de adquisición | Total de préstamos | Signatura topográfica completa | Código de barras | Fecha visto por última vez | Precio válido a partir de | Tipo de ítem Koha |
|---|---|---|---|---|---|---|---|---|---|---|---|---|
| El ejemplar forma parte de la colección y puede ser consultado según las políticas vigentes. | Biblioteca del Museo Franz Mayer (Rogerio Casas-Alatriste) | Biblioteca del Museo Franz Mayer (Rogerio Casas-Alatriste) | 14/08/2008 | E101 .P37 1991 | 02280 | 22/03/2019 | 22/03/2019 | Libros |